Регионална библиотека "Любен Каравелов" - Русе

Екология (Запис номер 63077)

MARC детайли
000 -Лидер
Контролно поле с фиксирана дължина 01924nam a2200421 c 4500
003 - Код на организацията, давaща контролен номер
Контролно поле BLK
005 - Дата и час на последна редакция
Контролно поле 20220207144156.0
008 - Елементи от данни с фиксирана дължина
fixed length control field 180408b bul|||||r ||||||| ||bul||
010 ## - Наследен системен номер
LC control number KNG00067307000
020 ## - Международен стандартен номер на книга ISBN
Международен стандартен номер на книга ISBN 954-308-101-8
040 ## - Източник на каталожния запис
Идентификатор на билиотеката - собственик на записа BLK
041 ## - Код за език
Код за езика на текст/звукозапис или на отделно заглавие Български
Код за езика КДБФ Български
080 ## - УДК
Текстов определител УДК Природа. Изучаване и опазване на природната среда. Опазване на растителния и животинския свят. Вж и 55/59
УДК код - определител по УДК 502
УДК - код + определител 502
080 ## - УДК
Текстов определител УДК Обща екология. Биоценология. Хидробиология. Биогеография
УДК код - определител по УДК 574
УДК - код + определител 574
100 1# - Редна дума - Автор
Автор Jennings, Terry
Авторска отговорност първи автор
R(LIN) 291217
139 ## - Редно поле
Редна дума Дженингс, Тери
Авторски знак Дже - Д 50
245 10 - Сведения за заглавието
Заглавие Екология
Редно поле (дума) * Тери Дженингс; Terry Jennings; прев. от англ. Доряна Стефанова Петрова.
257 ## - Страна на издаване
Страна на създаване/издаване Великобритания
260 ## - Област на издателските данни
Име на издателя, разпространителя и проч. Прес
Година на издаване 2005
Печатница Пловдив : Делта+
300 ## - Физическа характеристика
Страници 32 с.
Илюстрации и др. с цв. ил.
Размери/Мащаб 29 см
380 ## - Жанр
Жанр Детска отраслова лит.
490 ## - СЕРИИ (Колекции)
Име на серия Искам всичко да знам
9 (RLIN) 201509
500 ## - Общи забележки
Забележка Ориг. загл. Ecology / Terry Jennings. - Авт. отбелязани в библиогр. каре. - Съдържа и Тест ; Речник на непознатите думи.
650 #4 - Допълнително описание по предмет – тема
Основно описание – тема или топоним Екология
9 (RLIN) 154468
650 #4 - Допълнително описание по предмет – тема
Основно описание – тема или топоним Природа - защита
9 (RLIN) 244653
653 ## - Ключова дума – ненормативна
Ключова дума околна среда
653 ## - Ключова дума – ненормативна
Ключова дума екология
653 ## - Ключова дума – ненормативна
Ключова дума защита на природата
653 ## - Ключова дума – ненормативна
Ключова дума литература за деца
653 ## - Ключова дума – ненормативна
Ключова дума детска литература
700 1# - Други автори (авторска отговорност)
Лично име Дженингс, Тери
Автороска отговорност (Описва отношението между автора и произведението) *
9 (RLIN) 291216
700 1# - Други автори (авторска отговорност)
Лично име Петрова, Доряна Стефанова
Автороска отговорност (Описва отношението между автора и произведението) прев. от англ.
9 (RLIN) 370118
852 ## - Местоположение
Форматна сигнатура Цб ІІ 13896
856 4# - Електронен адрес и достъп
Електронен формат pdf - файл
856 4# - Електронен адрес и достъп
Електронен формат pdf - файл
999 ## - СИСТЕМНИ КОНТРОЛНИ НОМЕРА
Koha biblionumber 63077
Koha biblioitemnumber 63077
942 ## - АРТИКУЛИ
Вид на библиотечния материал Книги
Скрит в OPAC Не
Периодичен библиозапис Да
Koha issues (borrowed), all copies 2
944 ## - СЪЗДАВАНЕ И РЕДАКЦИЯ на ЗАПИСА
Създаване/Редакция Създаване
Дата на регистрацията/редакция 28.07.2006
Служител, извършил регистрацията/редакцията Людмила_Стоянова
944 ## - СЪЗДАВАНЕ И РЕДАКЦИЯ на ЗАПИСА
Създаване/Редакция Редакция
Дата на регистрацията/редакция 20.10.2008
999 ## - СИСТЕМНИ КОНТРОЛНИ НОМЕРА
Koha biblioitemnumber 63077
Наличности
Код за отписване Код за изгубен артикул Код за повреда Коз за рестрикции Код за отдаване Артикулен № Име на библиотеката - собственик Име на библиотеката, в която се намира в момента Статус (Текущо местоположение) Дата на вписване в системата Местоположение - отдел Цена в лева Инвентарен номер Систематично азбучна сигнатура Баркод Номер на екземпляра Цена в евро Служебна бележка Служебен тип на артикула
  Не е изгубен Не е повреден без рестрикции заемане за дома 104591 Регионална библиотека "Любен Каравелов" Русе Регионална библиотека "Любен Каравелов" Русе Детски отдел 2006-07-28 Детски отдел 3.99 120000704028 Д 50/Д 50 120000704028 1 2.04 Дост: Pk Вид: Ф N: 42656 Дата: 26.07.2006 Дата инв: 19.08.2015 Бележки инв: Д2015 Книги
  Не е изгубен Не е повреден без рестрикции ползва се в читалня 104592 Регионална библиотека "Любен Каравелов" Русе Регионална библиотека "Любен Каравелов" Русе Хранилище 2006-09-26 Хранилище 4.00 120000705369 Цб ІІ 13896 120000705369 2 2.05 Дост: Dp Вид: Д N: 39 Дата: 14.09.2005 Книги
  Не е изгубен Не е повреден без рестрикции заемане за дома 104593 Регионална библиотека "Любен Каравелов" Русе Регионална библиотека "Любен Каравелов" Русе Детски отдел 2008-09-30 Детски отдел 5.00 120000730122 Д 50/Д 50 120000730122 3 2.56 Дост: Pk Вид: Ф N: 8939 Дата: 24.09.2008 Дата инв: 19.08.2015 Бележки инв: Д2015 Книги
Vip Innovations Ltd, Rousse, Bulgaria 2025